Avatar - ATLA und LOK - Statistiken

Allgemein
  • Dieses Quiz wurde 416 mal gespielt
  • Das Durchschnittsergebnis liegt bei 8 aus 15
Antwortstatistiken
Frage Antwort % Korrekt
7. Wer erfand das Metallbändigen? Toph
97%
4. Wovon lernten die Menschen, Feuer zu bändigen? Drachen
86%
10. Was kann Amon bändigen? Blut
81%
5. Wovon lernten die Menschen, Luft zu bändigen? Himmelsbisons
69%
3. Welche Kreaturen gaben den Menschen die Macht zu bändigen? Löwenschildkröten
68%
1. Wie hieß der erste Avatar? Wan
58%
14. Welcher Feuerlord startete den Hundertjährigen Krieg? Zosin
56%
6. Wovon lernten die Menschen, Erde zu bändigen Dachsmaulwürfe
52%
15. Welcher Charakter ist in jeder Folge von Avatar: The Last Airbender und Legend of Korra zu sehen? Avatar Roku
46%
8. Womit werden Himmelsbisons gezähmt? Äpfel
36%
2. Von wem lernt Aang den Avatar-Zustand zu kontrollieren? Guru Pathik
36%
9. Was für ein Wesen ist Pabu? Feuer-Frettchen
32%
11. Wer ist sein Bruder? Tarrlok
29%
13. An welcher Stelle ist der Blitz ausgetreten mit dem Azula Aang traf? Fuß
25%
12. Wer war der erste Mensch, der schweben konnte? Guru Laghima
22%
Keine übereinstimmenden Quizze gefunden
Verteilung der Resultate
Anzahl Personen mit jedem Resultat
Perzentil nach korrekt beantworteten Fragen
Ihre Resultats-Entwicklung
Sie haben dieses Quiz noch nicht gespielt